[Event "GRE-chT 50th"]
[Site "Nikaia"]
[Date "2023.08.26"]
[Round "2.8"]
[White "Brokalakis Gounaris, Christos"]
[Black "Aleiferis, Ioannis"]
[Result "1-0"]
[WhiteElo "1992"]
[BlackElo "1443"]
[PlyCount "37"]
[EventDate "2023.08.25"]
[EventType "team"]
[EventRounds "9"]
[EventCountry "GRE"]
[SourceTitle "EXT 2024"]
[Source "ChessBase"]
[SourceDate "2023.10.10"]
[SourceVersion "1"]
[SourceVersionDate "2023.10.10"]
[SourceQuality "1"]
[WhiteTeam "OPHI"]
[BlackTeam "Kidon Hanion"]
[WhiteTeamCountry "GRE"]
[BlackTeamCountry "GRE"]

1. d4 Nf6 2. Nf3 e6 3. e3 c5 4. Bd3 d5 5. c3 Nc6 6. Nbd2 cxd4 7. exd4 Bd6 8. 0-0 0-0 9. Re1 Qc7 10. Qe2 Re8 11. Ne5 Nd7 12. Bxh7+ Kf8 13. Ndf3 Ndxe5 14. dxe5 Bc5 15. Bd3 Ne7 16. Ng5 Nf5 17. Qh5 Nh6 18. Nh7+ Kg8 19. Bxh6 1-0

[Event "GRE-chT 49th"]
[Site "Thessaloniki"]
[Date "2022.08.13"]
[Round "2"]
[White "Aleiferis, Ioannis"]
[Black "Roditakis, Emmanouil"]
[Result "1/2-1/2"]
[WhiteElo "1355"]
[BlackElo "1221"]
[PlyCount "99"]
[EventDate "2022.08.12"]
[EventType "team-swiss"]
[EventRounds "7"]
[EventCountry "GRE"]
[SourceTitle "EXT 2024"]
[Source "ChessBase"]
[SourceDate "2023.10.10"]
[SourceVersion "1"]
[SourceVersionDate "2023.10.10"]
[SourceQuality "1"]
[WhiteTeam "Chania Kethon"]
[BlackTeam "Gaziou SA"]
[WhiteTeamCountry "GRE"]
[BlackTeamCountry "GRE"]

1. e4 c5 2. Na3 Nc6 3. g3 g6 4. c3 Bg7 5. Bg2 Nf6 6. d4 cxd4 7. cxd4 d6 8. Ne2 0-0 9. 0-0 Bg4 10. f3 Bd7 11. Be3 e5 12. d5 Ne7 13. Rc1 Nc8 14. Qd2 a6 15. Nc4 Bb5 16. b3 a5 17. a4 Ba6 18. Rc2 b6 19. Rfc1 Nd7 20. Na3 Nc5 21. Bxc5 bxc5 22. Nc3 Na7 23. Bf1 Bxf1 24. Rxf1 Qb6 25. Nc4 Qc7 26. Kh1 Rfb8 27. Rb1 Rb4 28. Na3 Rb7 29. Ncb5 Nxb5 30. Nxb5 Qd7 31. Re1 Qe7 32. Rc3 Bf8 33. f4 f6 34. Rf3 Qd8 35. fxe5 fxe5 36. Ref1 Bg7 37. Qf2 Rab8 38. Rf7 Kh8 39. Qe2 Kg8 40. Qf3 Re7 41. Kg2 Qd7 42. Rxe7 Qxe7 43. Qc3 Ra8 44. Qf3 Rb8 45. Qg4 Re8 46. Qe2 Rb8 47. Qd2 Ra8 48. Rf3 Bf8 49. Qf2 Bg7 50. Qe2 1/2-1/2

[Event "GRE-chT Online Rapid op 1st"]
[Site "Tornelo INT"]
[Date "2021.02.20"]
[Round "2.27"]
[White "Kalamoukos, Grigorios"]
[Black "Aleiferis, Ioannis"]
[Result "1-0"]
[WhiteElo "1651"]
[BlackElo "1368"]
[PlyCount "89"]
[EventDate "2021.02.20"]
[EventType "team-swiss (rapid)"]
[EventRounds "9"]
[EventCountry "GRE"]
[SourceTitle "EXT 2023"]
[Source "ChessBase"]
[SourceDate "2022.10.05"]
[SourceVersion "1"]
[SourceVersionDate "2022.10.05"]
[SourceQuality "1"]

1. d4 Nf6 2. Nf3 e6 3. e3 c5 4. Bd3 d5 5. 0-0 c4 6. Be2 Bd6 7. b3 cxb3 8. axb3 0-0 9. Bb2 Nc6 10. c4 Re8 11. Nc3 Ne4 12. Nxe4 dxe4 13. Nd2 f5 14. f3 Qh4 15. f4 g5 16. g3 Qh3 17. Qc2 Ne7 18. Qc3 Ng6 19. c5 Bc7 20. d5 e5 21. d6 Bd8 22. fxe5 Nxe5 23. Bc4+ Kg7 24. Bb5 Re6 25. d7 Bf6 26. Qxe5 Rxe5 27. Bxe5 Bxd7 28. Bxf6+ Kxf6 29. Bxd7 Rd8 30. Nxe4+ Ke5 31. Rxf5+ Kxe4 32. Re5+ Kxe5 33. Bxh3 Rd3 34. b4 Rb3 35. Rxa7 Rxb4 36. Bg2 Rb5 37. Rxb7 Rxc5 38. h4 gxh4 39. gxh4 h5 40. Rg7 Kf6 41. Rg5 Rc3 42. Kf2 Rc4 43. Rxh5 Kg6 44. Bf3 Rc7 45. Rd5 1-0

[Event "GRE-chT Online Rapid op 1st"]
[Site "Tornelo INT"]
[Date "2021.02.20"]
[Round "4.32"]
[White "Palaiologou, Apostolos"]
[Black "Aleiferis, Ioannis"]
[Result "1-0"]
[WhiteElo "1406"]
[BlackElo "1368"]
[PlyCount "59"]
[EventDate "2021.02.20"]
[EventType "team-swiss (rapid)"]
[EventRounds "9"]
[EventCountry "GRE"]
[SourceTitle "EXT 2023"]
[Source "ChessBase"]
[SourceDate "2022.10.05"]
[SourceVersion "1"]
[SourceVersionDate "2022.10.05"]
[SourceQuality "1"]

1. e4 e5 2. Nf3 Nc6 3. d4 exd4 4. Bc4 Nf6 5. e5 d5 6. Bb5 Nd7 7. 0-0 Be7 8. Bxc6 bxc6 9. Nxd4 Nxe5 10. Re1 Qd6 11. Bf4 f6 12. Qe2 0-0 13. Nc3 Qc5 14. Nb3 Qc4 15. Qxc4 dxc4 16. Nd4 Bd6 17. Bxe5 Bxe5 18. Nxc6 Bxc3 19. bxc3 Bb7 20. Ne7+ Kf7 21. Nf5 Rfe8 22. Ne3 Be4 23. Rad1 Rad8 24. f3 Rxd1 25. Rxd1 Bc6 26. Kf2 Bb5 27. Rd5 a6 28. Rc5 Rc8 29. Nxc4 c6 30. Nd6+ 1-0

[Event "GRE-ch U10"]
[Site "Achaia"]
[Date "2017.06.28"]
[Round "4"]
[White "Fotiadis, Alexandros"]
[Black "Aleiferis, Ioannis"]
[Result "1-0"]
[WhiteElo "1154"]
[BlackElo "1107"]
[PlyCount "63"]
[EventDate "2017.06.26"]
[EventType "swiss"]
[EventRounds "9"]
[EventCountry "GRE"]
[SourceTitle "EXT 2018"]
[Source "ChessBase"]
[SourceDate "2017.10.13"]
[SourceVersion "1"]
[SourceVersionDate "2017.10.13"]
[SourceQuality "1"]

1. d4 Nf6 2. c4 g6 3. Nc3 Bg7 4. e4 d6 5. h3 0-0 6. Be2 e5 7. d5 a5 8. Be3 Na6 9. Nf3 Re8 10. Nd2 Bd7 11. g4 h6 12. g5 hxg5 13. Bxg5 Qc8 14. h4 Nh7 15. Rg1 Nc5 16. h5 Nf8 17. hxg6 Nxg6 18. Bh5 Nd3+ 19. Kf1 Bh3+ 20. Ke2 Ngf4+ 21. Bxf4 Nxf4+ 22. Ke3 Qd8 23. Bg4 Qf6 24. Qf3 Qh6 25. Ne2 Bxg4 26. Rxg4 Nxd5+ 27. Kd3 Nb4+ 28. Kc3 d5 29. Rag1 d4+ 30. Kb3 Qxd2 31. Rxg7+ Kh8 32. Qh5+ 1-0

[Event "GRE-ch U10"]
[Site "Achaia"]
[Date "2017.06.26"]
[Round "1"]
[White "Aleiferis, Ioannis"]
[Black "Magalakis, Stefanos"]
[Result "0-1"]
[WhiteElo "1107"]
[BlackElo "1332"]
[PlyCount "100"]
[EventDate "2017.06.26"]
[EventType "swiss"]
[EventRounds "9"]
[EventCountry "GRE"]
[SourceTitle "EXT 2018"]
[Source "ChessBase"]
[SourceDate "2017.10.13"]
[SourceVersion "1"]
[SourceVersionDate "2017.10.13"]
[SourceQuality "1"]

1. e4 c5 2. Nc3 d6 3. g3 Nc6 4. Bg2 g6 5. d3 Bg7 6. Be3 Nf6 7. h3 Nd4 8. Qd2 e5 9. Nd1 Bd7 10. c3 Ne6 11. Nf3 Qc7 12. 0-0 0-0 13. Bh6 c4 14. Bxg7 Kxg7 15. Ne3 cxd3 16. Qxd3 Nc5 17. Qc2 Ncxe4 18. Nxe5 Nxg3 19. Nxd7 Nxf1 20. Nxf8 Nxe3 21. fxe3 Rxf8 22. Qb3 Nd7 23. Rd1 Nb6 24. Qa3 Qc5 25. Qxc5 dxc5 26. Bxb7 Nc4 27. Rd5 Nxe3 28. Rxc5 Rb8 29. Rb5 Nc4 30. Rb4 Nd6 31. Bg2 Re8 32. Rd4 Nf5 33. Rd7 Re1+ 34. Kf2 Rb1 35. Rb7 Nd6 36. Rb8 Nc4 37. b3 Ne5 38. Kg3 Rb2 39. a4 h5 40. Bd5 Rc2 41. c4 g5 42. h4 Rc3+ 43. Kh2 gxh4 44. Rb7 Rg3 45. Rxa7 Rxb3 46. Re7 Kf6 47. Ra7 h3 48. Rb7 Ra3 49. Rb6+ Kg5 50. Rb5 Kf4 0-1

[Event "GRE-ch U20"]
[Site "Chania"]
[Date "2017.01.08"]
[Round "8"]
[White "Paraskakis, Filippos"]
[Black "Aleiferis, Ioannis"]
[Result "1-0"]
[WhiteElo "1086"]
[BlackElo "1117"]
[PlyCount "53"]
[EventDate "2017.01.02"]
[EventType "swiss"]
[EventRounds "9"]
[EventCountry "GRE"]
[SourceTitle "EXT 2024"]
[Source "ChessBase"]
[SourceDate "2023.10.10"]
[SourceVersion "1"]
[SourceVersionDate "2023.10.10"]
[SourceQuality "1"]

1. e4 Nf6 2. Nc3 d5 3. e5 d4 4. exf6 dxc3 5. bxc3 exf6 6. Nf3 Be6 7. d4 c5 8. Bb5+ Bd7 9. Bc4 b5 10. Bd5 Bc6 11. Bxc6+ Nxc6 12. 0-0 Be7 13. Re1 0-0 14. Bf4 Bd6 15. Bxd6 Qxd6 16. Re4 f5 17. Re3 Rfe8 18. Qe2 Kf8 19. Re1 Rxe3 20. Qxe3 c4 21. Nh4 f4 22. Qe4 Qh6 23. Nf5 Qe6 24. Qxe6 fxe6 25. Rxe6 Nd8 26. Re4 g5 27. h4 1-0

[Event "GRE-ch U20"]
[Site "Chania"]
[Date "2017.01.07"]
[Round "6"]
[White "Alygizakis, Apostolos"]
[Black "Aleiferis, Ioannis"]
[Result "1-0"]
[WhiteElo "1365"]
[BlackElo "1117"]
[PlyCount "39"]
[EventDate "2017.01.02"]
[EventType "swiss"]
[EventRounds "9"]
[EventCountry "GRE"]
[SourceTitle "EXT 2024"]
[Source "ChessBase"]
[SourceDate "2023.10.10"]
[SourceVersion "1"]
[SourceVersionDate "2023.10.10"]
[SourceQuality "1"]

1. e4 Nf6 2. e5 Nd5 3. c4 Nb6 4. d4 d6 5. Nf3 Nc6 6. Bd3 Bg4 7. exd6 exd6 8. Be3 Be7 9. h3 Bh5 10. Nbd2 0-0 11. a3 Re8 12. Qc2 h6 13. g4 Bg6 14. Bxg6 fxg6 15. Qxg6 Kh8 16. 0-0-0 Na5 17. g5 h5 18. Qxh5+ Kg8 19. g6 Bf6 20. Qxa5 1-0

[Event "GRE-ch U20"]
[Site "Chania"]
[Date "2017.01.04"]
[Round "1"]
[White "Aleiferis, Ioannis"]
[Black "Marinakis, Hristos"]
[Result "0-1"]
[WhiteElo "1117"]
[BlackElo "1861"]
[PlyCount "42"]
[EventDate "2017.01.02"]
[EventType "swiss"]
[EventRounds "9"]
[EventCountry "GRE"]
[SourceTitle "EXT 2024"]
[Source "ChessBase"]
[SourceDate "2023.10.10"]
[SourceVersion "1"]
[SourceVersionDate "2023.10.10"]
[SourceQuality "1"]

1. e4 e5 2. Nf3 Nc6 3. Bb5 a6 4. Ba4 Nf6 5. 0-0 b5 6. Bb3 Be7 7. Re1 d6 8. c3 0-0 9. d4 Bg4 10. d5 Na5 11. Bc2 Qd7 12. Qd3 c6 13. dxc6 Nxc6 14. h3 Bh5 15. a4 b4 16. a5 Qc7 17. Bd2 Rfd8 18. cxb4 d5 19. Qb3 Bxf3 20. gxf3 Nd4 21. Qa4 Qxc2 0-1

[Event "GRE-ch U20"]
[Site "Chania"]
[Date "2017.01.04"]
[Round "4.17"]
[White "Aleiferis, Ioannis"]
[Black "Vizirakis, Stavros"]
[Result "1-0"]
[WhiteElo "1117"]
[BlackElo "1356"]
[PlyCount "103"]
[EventDate "2017.01.02"]
[EventType "swiss"]
[EventRounds "9"]
[EventCountry "GRE"]
[SourceTitle "EXT 2024"]
[Source "ChessBase"]
[SourceDate "2023.10.10"]
[SourceVersion "1"]
[SourceVersionDate "2023.10.10"]
[SourceQuality "1"]

1. e4 d6 2. d4 Nf6 3. Nc3 g6 4. b3 Bg7 5. Bb2 c6 6. Bd3 0-0 7. Nge2 Qc7 8. 0-0 e5 9. Re1 Bg4 10. f3 Be6 11. dxe5 dxe5 12. Qd2 Nbd7 13. f4 Bh6 14. g3 exf4 15. Nxf4 Nh5 16. Nxe6 Qb6+ 17. Qf2 Qxf2+ 18. Kxf2 fxe6+ 19. Kg1 Bg7 20. Na4 Bxb2 21. Nxb2 Ne5 22. Rf1 Nxd3 23. Nxd3 Ng7 24. Rxf8+ Rxf8 25. Rf1 Rxf1+ 26. Kxf1 Kf7 27. Ke2 Ke7 28. e5 b6 29. g4 Ne8 30. Ke3 Nc7 31. c4 c5 32. Kf4 h6 33. g5 h5 34. h4 a5 35. a4 Ne8 36. Kg3 Ng7 37. Nc1 Nf5+ 38. Kh3 Nd4 39. Kg3 Kf7 40. Kh3 Ke8 41. Kg3 Kd7 42. Kh3 Kc6 43. Kg3 b5 44. axb5+ Kb6 45. Kh3 a4 46. bxa4 Ka5 47. Nd3 Nb3 48. Nf4 Kb4 49. Nxg6 Kxc4 50. Nf4 Kb4 51. g6 c4 52. g7 1-0

[Event "GRE-ch U08"]
[Site "Rio Achaia"]
[Date "2015.07.02"]
[Round "9.4"]
[White "Christodoulakis, Michail"]
[Black "Aleiferis, Ioannis"]
[Result "1-0"]
[WhiteElo "1272"]
[BlackElo "1210"]
[PlyCount "53"]
[EventDate "2015.06.26"]
[EventType "swiss"]
[EventRounds "9"]
[EventCountry "GRE"]
[SourceTitle "EXT 2024"]
[Source "ChessBase"]
[SourceDate "2023.10.10"]
[SourceVersion "1"]
[SourceVersionDate "2023.10.10"]
[SourceQuality "1"]

1. e4 e5 2. Nf3 Nc6 3. Nc3 Nf6 4. Bb5 Nd4 5. Bc4 d6 6. d3 Bg4 7. h3 Bh5 8. g4 Nxg4 9. Nxd4 Nxf2 10. Qxh5 g6 11. Bxf7+ Kxf7 12. Qf3+ Qf6 13. Kxf2 exd4 14. Qxf6+ Kxf6 15. Nd5+ Kf7 16. Bf4 c6 17. Nb4 a5 18. Nxc6 bxc6 19. e5 Ke6 20. Rhe1 Kd5 21. Re2 c5 22. e6 Re8 23. Rae1 Bg7 24. e7 Bf6 25. Re6 Bh4+ 26. Kf3 Bxe1 27. Rxd6# 1-0